Premios Oscar 2025 - Estadísticas

Estadísticas generales
  • Esta prueba ha sido intentada 56 veces
  • La puntuación promedio es 12 de 23
Estadísticas de respuestas
Hint Respuesta % Correcto
Mejor película Anora
98%
Mejor dirección Anora
80%
Mejor actor Adrien Brody
76%
Mejor actriz de reparto Zoe Saldaña
75%
Mejor guión original Anora
73%
Mejor película de animación Flow
71%
Mejor montaje Anora
67%
Mejor película internacional Aún estoy aquí
67%
Mejor actriz Mikey Madison
65%
Mejor actor de reparto Kieran Culkin
61%
Mejor vestuario Wicked
61%
Mejor guión adaptado Cónclave
55%
Mejor fotografía The Brutalist
53%
Mejor canción original (Nombre de la canción) El mal
51%
Mejor maquillaje y peluquería La sustancia
47%
Mejor diseño de producción Wicked
47%
Mejor música The Brutalist
41%
Mejor sonido Dune: Parte 2
39%
Mejores efectos visuales Dune: Parte 2
39%
Mejor película documental No other land
33%
Mejor cortometraje documental The Only Girl in the Orchestra
14%
Mejor cortometraje de ficción I´m Not a Robot
10%
Mejor cortometraje de animación In the shadow of the cypress
10%
No se encontraron pruebas coincidentes
Distribución de puntuación
Porcentaje de gente con cada puntuación
Porcentaje por número respondido
Historial de tus puntuaciones
No has intentado esta prueba.